00982cam a2200277 a 450000100100000000500170001000800410002702000150006804000250008308200230010810000430013124500370017425000110021126000370022230000210025949000210028065000280030165000310032983000280036091000280038891000070041604900090042395201260043295201310055899900150068900000844520200929161337.0900420s1989 sp 000 f spa d a8432205850 aDO-SdBNPcDLCdBNPHU a863.6bC392c, 19891 aCela, Camilo José,d1916-2002.9318813aLa catira /cCamilo José Cela. a2a ed. aBarcelona :bSeix Barral,c1989. a312 p. ;c20 cm.0 aBiblioteca breve 4aNovela española91123 4aLiteratura española9632 0aBiblioteca breve913442 aCatalogación derivada aWM aBNGR 001054708MOaGRbGRcHDd2009-09-16iLF1l0o863.6 C392c, 1989p8445-10r2020-06-25w2020-06-25y4ZPréstamo en sala 001053728MOaGRbGRcHDd2011-02-16iLF1l0o863.6 C392c, 1989p8445-20r2020-06-25te.2w2020-06-25y4ZPréstamo en sala c8216d8216